000 00477nam a22001937a 4500
003 MPLRDC
005 20220104113905.0
008 210129b ||||| |||| 00| 0 eng d
020 _a7-5059-1915-6
082 _a848.2 GLH-2 v.2
100 _a郭良蕙著
245 _a青草青青
_c
250 _a一版一刷
260 _a
_b中国文联出版公司
_c1993
300 _b
490 _a郭良蕙作品系列
650 _a现代别集
942 _cBK
_o848.2 GLH-2 v.2
999 _c3168
_d3158